Property (Record no. 77148)

MARC details
000 -LEADER
fixed length control field 00951cab a2200229 4500
001 - CONTROL NUMBER
control field ##L133674
008 - FIXED-LENGTH DATA ELEMENTS--GENERAL INFORMATION
fixed length control field 060601n2006 000 0 eng u
035 ## - SYSTEM CONTROL NUMBER
System control number (Sirsi) u133674
041 0# - LANGUAGE CODE
Language code of text/sound track or separate title eng
100 1# - MAIN ENTRY--PERSONAL NAME
Personal name Swerling, Leon
245 00 - TITLE STATEMENT
Title Property
Remainder of title adverse possession
-- the new law
260 ## - PUBLICATION, DISTRIBUTION, ETC.
Date of publication, distribution, etc. 2006
490 #0 - SERIES STATEMENT
Series statement EMIS Property Service
Volume/sequential designation 4(5) May 2006, 3-7(5)
520 ## - SUMMARY, ETC.
Summary, etc. Summarises the procedure for acquiring adverse possession of registered land. Considers who can apply, when a squatter can apply to become the registered proprietor and the steps he needs to take, what happens after the initial application, and the further steps that can be taken if the initial application is unsuccessful.
590 ## - LOCAL NOTE (RLIN)
Local note IKA060606
650 24 - SUBJECT ADDED ENTRY--TOPICAL TERM
Topical term or geographic name entry element LAND REGISTRATION ACT 2002
650 24 - SUBJECT ADDED ENTRY--TOPICAL TERM
Topical term or geographic name entry element LAND REGISTRATION RULES 2003
651 #4 - SUBJECT ADDED ENTRY--GEOGRAPHIC NAME
Geographic name United Kingdom
Chronological subdivision
690 ## - LOCAL SUBJECT ADDED ENTRY--TOPICAL TERM (OCLC, RLIN)
Topical term or geographic name as entry element PROPERTY-PROPERTY ACQUISITION AND DISPOSAL
700 1# - ADDED ENTRY--PERSONAL NAME
Personal name Hanbury, William
942 ## - ADDED ENTRY ELEMENTS (KOHA)
Suppress in OPAC 0
Holdings
Withdrawn status Lost status Source of classification or shelving scheme Damaged status Not for loan Home library Current library Shelving location Date acquired Total Checkouts Full call number Barcode Date last seen Copy number Price effective from Koha item type
    Dewey Decimal Classification     London London Journal article 01/06/2006   L133674 133674-1001 06/08/2019 1 06/08/2019 Journal article